Toplu konut alanlarında örgütlenme ve işletme (Record no. 591)

MARC details
000 -BAŞLIK
Sabit Uzunlukta Kontrol Alanı 00691na a2200253 4500
001 - KONTROL NUMARASI
Denetim Alanı 13426
003 - KONTROL NUMARASI IDENTIFIER
Denetim Alanı MIRAKIL
005 - SON İŞLEM TARİHİ VE ZAMANI
Denetim Alanı 20181213154754.0
008 - SABİT-BOY VERİ ELEMANLARI - GENEL BİLGİLER
Sabit Uzunlukta Kontrol Alanı 161010b tu 000 0
020 ## - ULUSLARARASI STANDART KİTAP NUMARASI
Uluslararası Standart Kitap Numarası 9751913691
035 ## - SİSTEM KONTROL NUMARASI
Sistem Kontrol Numarası 13426
040 ## - KATALOGLAMA KAYNAK
Orijinal Kataloglama Ajansı Milas
Kataloglama Dili tur
Metne Dönüştürmek Ajansı TR-AnCHP
041 ## - DİL KODU
Metin / Ses Parça Veya Ayrı Başlığın Dil Kodu tur
082 ## - DEWEY ONLU SINIFLANDIRMA NUMARASI
Sınıflandırma Numarası 334.1
Ürün Numarası A47t 1996
090 ## - SINIFLAMA NUMARASI
Sınıflama Numarası 334.1 A47t 1996
100 ## - ANA GİRİŞ - KİŞİSEL İSİM
Kişisel Ad Altaban, Özcan
245 ## - BAŞLIK TABLOSU
Başlık Toplu konut alanlarında örgütlenme ve işletme
Sorumluluk Tablosu, Vb Özcan Altaban
260 ## - YAYIN, DAĞITIM, VB
Yayın, Dağıtım, Vb Yeri Ankara
Yayıncı, Dağıtıcı, Vs Adı ODTÜ Basım
Yayın, Dağıtım, Vb Tarihi 1996
300 ## - FİZİKSEL TANIM
Kapsam xi, 117 s.
Boyutlar 24 sm.
490 ## - SERİSİ TABLOSU
Seri Beyanı Konut Araştırmaları Dizisi : 13
650 ## - KONU KATMA GİRİŞ - TOPİKAL DÖNEM
Topikal Süreli Veya Coğrafi Ad Giriş Elemanı Örgütsel yönetim
650 ## - KONU KATMA GİRİŞ - TOPİKAL DÖNEM
Topikal Süreli Veya Coğrafi Ad Giriş Elemanı Toplu konutlar
Genel Alt Bölümü İşletmeler
942 ## - EKLENDİ GİRİŞ ELEMANLARI (KOHA)
Sınıflandırma Veya Raf Düzeni Kaynak Dewey Decimal Classification
Koha Öğesi Türü Books
999 ## - SİSTEM KONTROL NUMARALARI (KOHA)
Koha Biblionumber 591
Koha Biblioitemnumber 591
Holdings
Kalıcı Konum Mevcut Konum Edinme Tarihi Edinim Kaynak Toplam Check-Out'Lar Tam Çağrı Numarası Barkod Tarih Son Görülme İtibaren Geçerli Fiyatlar Koha Öğesi Türü
CHP Kütüphanesi CHP Kütüphanesi 08/13/2016 Bağış   334.1 A47t 1996 001192 08/13/2016 08/13/2016 Books